Central Library OPAC University of Rajshahi

The self in secularism / (Record no. 31427)

MARC details
000 -LEADER
fixed length control field 00713cam a2200253 4500
001 - CONTROL NUMBER
control field 31427
003 - CONTROL NUMBER IDENTIFIER
rucl marc code BD-RjUL
005 - DATE AND TIME OF LATEST TRANSACTION
control field 20211209051712.0
008 - FIXED-LENGTH DATA ELEMENTS--GENERAL INFORMATION
fixed length control field 140415s1971 ii b 000 0 eng
035 ## - SYSTEM CONTROL NUMBER
System control number (BD-RjUL)31514
040 ## - CATALOGING SOURCE
Original cataloging agency DLC
Transcribing agency DLC
Modifying agency DLC
-- BD-RjUL
Language of cataloging eng
041 ## - LANGUAGE CODE
Language code of text/sound track or separate title eng
082 00 - DEWEY DECIMAL CLASSIFICATION NUMBER
Classification number 322.10954
Author mark and year TYS 1971
100 1# - MAIN ENTRY--PERSONAL NAME
Personal name Tyabji, Badr-ud-din,
Dates associated with a name 1907-1995.
9 (RLIN) 95631
245 14 - TITLE STATEMENT
Title The self in secularism /
Statement of responsibility, etc. Badr-ud-Din Tyabji.
260 ## - PUBLICATION, DISTRIBUTION, ETC. (IMPRINT)
Place of publication, distribution, etc. New Delhi :
Name of publisher, distributor, etc. Orient Longman,
Date of publication, distribution, etc. c 1971.
300 ## - PHYSICAL DESCRIPTION
Pagination 263 p. ;
Size 22 cm.
350 ## - PRICE (NR) (BK AM CF MU VM SE) [OBSOLETE]
Price Rs27.50
504 ## - BIBLIOGRAPHY, ETC. NOTE
Bibliography, etc Includes bibliographical references.
650 #0 - SUBJECT ADDED ENTRY--TOPICAL TERM
Topical term or geographic name as entry element Secularism
Geographic subdivision India.
9 (RLIN) 13594
942 ## - ADDED ENTRY ELEMENTS (KOHA)
Source of classification or shelving scheme Dewey Decimal Classification
Koha item type Books
Holdings
Lost status Source of classification or shelving scheme Damaged status Not for loan Permanent Location Current Location Shelving location Date acquired Source of acquisition Cost, normal purchase price Total Checkouts Full call number Date last seen Copy number Koha item type
  Dewey Decimal Classification   Not For Loan Central Library, University of Rajshahi Central Library, University of Rajshahi Reading Room 25/10/1990 Shawkat Osman 0.00   322.10954 TYS 1971 15/04/2014 C-1 Books